| Tag |
First Indicator |
Second Indicator |
Subfields |
| LEADER |
00000cam a2200000 i 4500 |
| 001 |
in00003432621 |
| 005 |
20151206130011.0 |
| 008 |
140206s2015 nyu c 000 1 eng |
| 010 |
|
|
|a 2014002168
|
| 019 |
|
|
|a 898757571
|a 902670711
|
| 020 |
|
|
|a 9780803740815 (hbk.)
|
| 020 |
|
|
|a 0803740816 (hbk.)
|
| 035 |
|
|
|a (OCoLC)ocn870211284
|
| 035 |
|
|
|a (OCoLC)870211284
|z (OCoLC)898757571
|z (OCoLC)902670711
|
| 040 |
|
|
|a DLC
|b eng
|e rda
|c DLC
|d IG#
|d BDX
|d YDXCP
|d BTCTA
|d OCLCF
|d YCC
|d OCLCO
|d UAB
|d UtOrBLW
|
| 043 |
|
|
|a e-uk---
|
| 049 |
|
|
|a TXAM
|
| 050 |
0 |
0 |
|a PZ7.B7247
|b War 2015
|
| 082 |
0 |
0 |
|a [Fic]
|2 23
|
| 100 |
1 |
|
|a Bradley, Kimberly Brubaker,
|e author.
|
| 245 |
1 |
4 |
|a The war that saved my life /
|c by Kimberly Brubaker Bradley.
|
| 264 |
|
1 |
|a New York, New York :
|b Dial Books for Young Readers, an imprint of Penguin Group (USA) LLC,
|c [2015]
|
| 264 |
|
4 |
|c ©2015
|
| 300 |
|
|
|a 316 pages ;
|c 22 cm
|
| 336 |
|
|
|a text
|b txt
|2 rdacontent
|
| 337 |
|
|
|a unmediated
|b n
|2 rdamedia
|
| 338 |
|
|
|a volume
|b nc
|2 rdacarrier
|
| 520 |
|
|
|a A young disabled girl and her brother are evacuated from London to the English countryside during World War II, where they find life to be much sweeter away from their abusive mother.
|
| 541 |
0 |
|
|a Given in memory of Ella Jane Barna by Drs. Dennie & Lana Smith, January 2015.
|
| 650 |
|
0 |
|a World War, 1939-1945
|x Evacuation of civilians
|z Great Britain
|v Juvenile fiction.
|
| 650 |
|
0 |
|a World War, 1939-1945
|x Evacuation of civilians
|v Juvenile fiction.
|
| 650 |
|
0 |
|a Children with disabilities
|v Juvenile fiction.
|
| 650 |
|
0 |
|a Brothers and sisters
|v Juvenile fiction.
|
| 651 |
|
0 |
|a Great Britain
|x History
|y George VI, 1936-1952
|v Juvenile fiction.
|
| 650 |
|
1 |
|a World War, 1939-1945
|x Evacuation of civilians
|v Fiction.
|
| 650 |
|
1 |
|a People with disabilities
|v Fiction.
|
| 650 |
|
1 |
|a Brothers and sisters
|v Fiction.
|
| 651 |
|
1 |
|a Great Britain
|x History
|y George VI, 1936-1952
|v Fiction.
|
| 611 |
2 |
7 |
|a Evacuation of civilians (1939-1945 : World War)
|2 fast
|0 (OCoLC)fst01710188
|
| 611 |
2 |
7 |
|a World War (1939-1945)
|2 fast
|0 (OCoLC)fst01180924
|
| 651 |
|
7 |
|a Great Britain.
|2 fast
|0 (OCoLC)fst01204623
|
| 655 |
|
7 |
|a Fiction.
|2 fast
|0 (OCoLC)fst01423787
|
| 655 |
|
7 |
|a Juvenile works.
|2 fast
|0 (OCoLC)fst01411637
|
| 948 |
|
|
|a cataloged
|b h
|c 2015/3/2
|d c
|e cproctor
|f 1:40:26 PM
|
| 994 |
|
|
|a C0
|b TXA
|
| 999 |
|
|
|a MARS
|
| 999 |
f |
f |
|s e1147da1-abc8-3a52-8832-be6315e6e263
|i 54c237a4-0715-301d-89cb-8fa70b540c66
|t 0
|
| 952 |
f |
f |
|p 4_hour
|a Texas A&M University
|b College Station
|c Sterling C. Evans Library
|d Evans: Media and Reserves (Evans 1st floor)
|t 0
|e PZ7.B7247 War 2015
|h Library of Congress classification
|i unmediated -- volume
|m A14843034951
|
| 998 |
f |
f |
|a PZ7.B7247 War 2015
|t 0
|l Evans: Curriculum Collection (4th floor)
|